Every SZA Song on the Billboard Hot 100 - Statistics

General Stats
  • This quiz has been taken 322 times
    259 since last reset
  • The average score is 4 of 14
Answer Stats
# Year Song % Correct
7 2018 All The Stars (Kendrick Lamar)
66%
9 2021 Good Days
64%
6 2021 Kiss Me More (Doja Cat)
62%
29 2018 The Weekend
58%
82 2018 Broken Clocks
57%
32 2017 Love Galore (Travis Scott)
57%
29 2020 Hit Different ft. Ty Dolla $ign
30%
9 2017 What Lovers Do (Maroon 5)
17%
61 2020 The Other Side (Justin Timberlake)
13%
23 2018 I Do (Cardi B)
6%
43 2019 Just Us (DJ Khaled)
6%
90 2019 Power Is Power (The Weeknd & Travis Scott)
6%
92 2017 Homemade Dynamite (Lorde) ft. Khalid & Post Malone
4%
34 2019 Staring At The Sun (Post Malone)
2%
No matching quizzes found
Score Distribution
Percent of People with Each Score
Percentile by Number Answered
Your Score History
You have not taken this quiz since the last reset